000
00227 a2200097 4500
001
49021
100
_a
Amin Muhammad
245
_a
Journey Through Pakistan
260
_a
Nairobi
_b
Camera pix Pub. Int.
_c
090
_c
31838
_d
31838
942
_a
NUST-CAE
_c
M
_c
24267
999
_c
284094
_d
284094